000 00476nam a22001457a 4500
999 _c13690
_d13690
020 _a9693515994
082 _a910.4
_bی وس
100 _aیوسف خان کمبل پوش
245 _aتاریخ یوسفی ١٨٣٧ - ١٨٣٨
260 _aلاہور
_bسنگ میل پبلیکیشنز
_c٢٠٠٤
300 _a٤٨٨ صفحات
650 _aUrdu Literature
_aTareekh-e-Yousufi
_aYousuf Khan Kambal Posh
700 _aمحمّد اکرم چغتائی
942 _cBK